<?xml version="1.0" encoding="UTF-8"?>
<marc:record xmlns:marc="http://www.loc.gov/MARC21/slim">
   <marc:leader>00000nam a2200000 a 4500</marc:leader>
   <marc:datafield ind1="0" ind2="0" tag="245">
      <marc:subfield code="a">Memo Mission</marc:subfield>
   </marc:datafield>
   <marc:datafield ind1=" " ind2="1" tag="264">
      <marc:subfield code="a">Friedberg</marc:subfield>
      <marc:subfield code="b">Pegasus Spiele</marc:subfield>
      <marc:subfield code="c">2023</marc:subfield>
   </marc:datafield>
   <marc:datafield ind1="1" ind2=" " tag="520">
      <marc:subfield code="a">Mit Memo Mission können Spielende erneut in die magische Welt der Zauberei hoch drei Spielreihe eintauchen. Im Laufe des Spiels erleben sie im Land Fabulantica verschiedene Missionen, die sie in korrekter Reihenfolge abhandeln müssen, um wertvolle Kristalle zu erhalten. Um in korrekter Reihenfolge die auf den Missionskarten gesuchten Motive aufzudecken, müssen sie sich auch in den Zügen der anderen immer gut merken, wo welche Plättchen in dem 5x5 großen Raster liegen. Wer dann im eigenen Zug alle zwei bis vier Motive der aktuellen Mission wiederfindet, kann diese erfüllen. Zaubertränke helfen in kniffligen Situationen weiter und erlauben je Trank einmal pro Spiel Sonderaktionen wie z.B. das geheime Anschauen zweier Plättchen. Memo Mission ist ein abenteuerliches Märchenspiel mit Memo-Mechanismus inklusive einer Einstiegsregel.</marc:subfield>
   </marc:datafield>
   <marc:datafield ind1="3" ind2=" " tag="024">
      <marc:subfield code="a">4250231731716</marc:subfield>
   </marc:datafield>
   <marc:datafield ind1=" " ind2=" " tag="041">
      <marc:subfield code="a">ger</marc:subfield>
   </marc:datafield>
   <marc:datafield ind1=" " ind2=" " tag="338">
      <marc:subfield code="a">Gegenstand</marc:subfield>
   </marc:datafield>
</marc:record>
